000 00297nam a22001337a 4500
008 170208b xxu||||| |||| 00| 0 eng d
020 _a9780815175001
041 _aeng
080 _23RD
_a618.2
100 _a2
101 _aINF
245 _aMANUAL OF CRITICAL CARE
_cSWEARINGEN
942 _2udc
_cBK
999 _c4899
_d4899